| 000 | 01128cam a22003257a 4500 | ||
|---|---|---|---|
| 003 | CHAP | ||
| 005 | 20220329141628.0 | ||
| 008 | 971013s1980 r 00010 d | ||
| 010 | _a71297 | ||
| 011 | _a72269 | ||
| 035 | _a81823 | ||
| 040 | _cCHAP | ||
| 082 |
_a334.683 _bD38 |
||
| 100 | 0 | 0 |
_aDavies, Robert William. _931229 |
| 245 | 1 | 4 | _aThe soviet collective farm, 1929-1930 |
| 260 |
_aCambridge, Mass. : _bHarvard University, _c1980 |
||
| 300 | _a216 p. | ||
| 490 | 4 |
_aThe industrialization of soviet Russia _v; 2 |
|
| 590 |
_aBATCH-UPD _b10 _c20130110 _lUCH01 _h1122 |
||
| 590 |
_aBATCH-UPD _b10 _c20130409 _lUCH01 _h2328 |
||
| 590 |
_aBATCH-UPD _b10 _c20130913 _lUCH01 _h2138 |
||
| 590 |
_aCONVERSION _b10 _c20130109 _lUCH01 _h1339 |
||
| 650 | 1 | 4 |
_aAgricultura cooperativa _xU.R.S.S. _91992 |
| 650 | 1 | 4 |
_aAgricultura _xIndustrialización. _91560 |
| 830 | 4 |
_aThe industrialization of soviet Russia _v; 2 _9112665 |
|
| 901 | _aBK | ||
| 942 | _cLIBRO | ||
| 949 |
_a334.683 D38 _bBC _cLIBRO _d33724000335105 _eLIBRO _fc.2 _h56044 _i81823 _si _t675.00 |
||
| 949 |
_a334.683 D38 _bBC _cLIBRO _d33724000335113 _eLIBRO _h56043 _i81823 _si _t675.00 |
||
| 999 |
_c71297 _d71297 |
||